000 00412nam a2200169Ia 4500
008 230524s9999 xx 000 0 und d
020 _a9789381141311
082 _a620.103
_bRAM
100 _aG.Ramamurty
_942945
245 0 _aEngineering Mechanics
250 _a2
260 _aNew Delhi
_bI.K.International
_c2012
300 _a445p;
500 _aQuantity Number: 1
650 _aMechanics
942 _cBK
999 _c57905
_d57905